Semantics. (Record no. 8401)
[ view plain ]
| 000 -LEADER | |
|---|---|
| fixed length control field | 00577cam1a220021700 4500 |
| 001 - CONTROL NUMBER | |
| control field | zam00002802 |
| 008 - FIXED-LENGTH DATA ELEMENTS--GENERAL INFORMATION | |
| fixed length control field | 951128s1974 xx eng u |
| 035 ## - SYSTEM CONTROL NUMBER | |
| System control number | (Sirsi) r20144 |
| 035 ## - SYSTEM CONTROL NUMBER | |
| System control number | (MACHINE)SLC. |
| 100 ## - MAIN ENTRY--PERSONAL NAME | |
| Personal name | Geoffrey, L. |
| Linkage | A81373.1 |
| 245 10 - TITLE STATEMENT | |
| Title | Semantics. |
| 260 ## - PUBLICATION, DISTRIBUTION, ETC. | |
| Date of publication, distribution, etc. | 1974. |
| 591 ## - | |
| -- | Class code: E 310. |
| 591 ## - | |
| -- | Course: Advanced English grammar. |
| 591 ## - | |
| -- | School: S05. |
| 591 ## - | |
| -- | Lecturer: Mr. HIRST, S.B. |
| 591 ## - | |
| -- | Number of Students: 96. |
| 949 ## - LOCAL PROCESSING INFORMATION (OCLC) | |
| a | GEO-SEM |
| w | lcc |
| m | MAIN |
| p | 2500 |
| t | SHORTLOAN |
| l | SHORTLOAN |
| 909 ## - | |
| -- | Book |
| Withdrawn status | Lost status | Source of classification or shelving scheme | Damaged status | Not for loan | Home library | Current library | Shelving location | Total Checkouts | Full call number | Barcode | Date last seen | Copy number | Price effective from | Koha item type |
|---|---|---|---|---|---|---|---|---|---|---|---|---|---|---|
| Library of Congress Classification | Main Library | Main Library | Academic reserves/Short loan | GEO-SEM | 65074-1001 | 08/12/2019 | 1 | 08/12/2019 | Short Loan material |